39 Best U21 Footballers - 2023 - Statistics

General Stats
  • This quiz has been taken 57 times
  • The average score is 23 of 39
Answer Stats
Rank # Club Nation Position Player % Correct
1 Borussia Dortmund ๐Ÿด๓ ง๓ ข๓ ฅ๓ ฎ๓ ง๓ ฟ CM Jude Bellingham
95%
2 Barcelona ๐Ÿ‡ช๐Ÿ‡ธ CM Pedri
89%
5 Barcelona ๐Ÿ‡ช๐Ÿ‡ธ CM Gavi
87%
3 Arsenal ๐Ÿด๓ ง๓ ข๓ ฅ๓ ฎ๓ ง๓ ฟ RW Bukayo Saka
85%
8 Leverkusen ๐Ÿ‡ฉ๐Ÿ‡ช AM Florian Wirtz
84%
7 Arsenal ๐Ÿ‡ง๐Ÿ‡ท LW Gabriel Martinelli
84%
4 Bayern Munich ๐Ÿ‡ฉ๐Ÿ‡ช AM/LW Jamal Musiala
84%
6 Real Madrid ๐Ÿ‡ซ๐Ÿ‡ท DM/CM Eduardo Camavinga
82%
23 Manchester United ๐Ÿ‡ฆ๐Ÿ‡ท LW/RW Alejandro Garnacho
75%
9 RB Leipzig ๐Ÿ‡ญ๐Ÿ‡ท CB/LB Josko Gvardiol
75%
14 Paris SG ๐Ÿ‡ต๐Ÿ‡น LB Nuno Mendes
73%
11 Barcelona ๐Ÿ‡ช๐Ÿ‡ธ LB Alejandro Balde
71%
10 Brighton ๐Ÿ‡ช๐Ÿ‡จ DM Moises Caicedo
71%
38 Borussia Dortmund ๐Ÿ‡บ๐Ÿ‡ธ AM Giovanni Reyna
67%
18 Atalanta ๐Ÿ‡ฉ๐Ÿ‡ฐ ST Rasmus Hojlund
67%
12 Barcelona ๐Ÿ‡ช๐Ÿ‡ธ LW Ansu Fati
60%
15 Benfica ๐Ÿ‡ต๐Ÿ‡น ST Goncalo Ramos
60%
17 Athletic Bilbao ๐Ÿ‡ช๐Ÿ‡ธ LW Nico Williams
60%
30 Manchester City ๐Ÿด๓ ง๓ ข๓ ฅ๓ ฎ๓ ง๓ ฟ RB Rico Lewis
60%
32 Borussia Dortmund ๐Ÿ‡ฉ๐Ÿ‡ช LW Karim Adeyemi
56%
29 Borussia Dortmund ๐Ÿ‡ฉ๐Ÿ‡ช ST Youssoufa Moukoko
56%
25 Everton ๐Ÿ‡ง๐Ÿ‡ช DM Amadou Onana
55%
36 Liverpool ๐Ÿด๓ ง๓ ข๓ ฅ๓ ฎ๓ ง๓ ฟ AM/RW Harvey Elliott
55%
16 Chelsea ๐Ÿ‡ซ๐Ÿ‡ท CB Benoit Badiashille
49%
28 AC Milan ๐Ÿ‡ฉ๐Ÿ‡ช CB Malick Thiaw
49%
21 Southampton ๐Ÿ‡ง๐Ÿ‡ช DM Romeo Lavia
49%
19 Leverkusen ๐Ÿ‡ช๐Ÿ‡จ CB/LB Piero Hincapie
47%
34 Lyon ๐Ÿ‡ซ๐Ÿ‡ท AM Rayan Cherki
47%
22 Bayern Munich ๐Ÿ‡ณ๐Ÿ‡ฑ CM Ryan Gravenberch
47%
39 Sporting CP ๐Ÿ‡บ๐Ÿ‡พ DM Manuel Ugarte
45%
35 Valencia ๐Ÿ‡บ๐Ÿ‡ธ CM Yunus Musah
40%
13 Ajax ๐Ÿ‡ณ๐Ÿ‡ฑ CB Jurrien Timber
38%
37 Borussia 'Gladbach ๐Ÿ‡ซ๐Ÿ‡ท CM Kouadio Kone
38%
27 Aston Villa ๐Ÿด๓ ง๓ ข๓ ฅ๓ ฎ๓ ง๓ ฟ CM Jacob Ramsey
36%
33 Nottingham Forest ๐Ÿด๓ ง๓ ข๓ ท๓ ฌ๓ ณ๓ ฟ AM/RW Brennan Johnson
33%
26 PSV ๐Ÿ‡ณ๐Ÿ‡ฑ AM Xavi Simons
33%
20 Chelsea ๐Ÿ‡ง๐Ÿ‡ท CM Andrey Santos
27%
31 Villarreal ๐Ÿ‡ช๐Ÿ‡ธ RW Yeremy Pino
25%
24 Celta Vigo ๐Ÿ‡ช๐Ÿ‡ธ CM Gabri Viega
15%
No matching quizzes found
Score Distribution
Percent of People with Each Score
Percentile by Number Answered
Your Score History
You have not taken this quiz